LEADER 01455nam a2200337 u 4500 001 000000005549 003 CaOOAMICUS 005 20070226104756.0 008 940514s1975 it u000 u ita u 035 $a10142598 040 $aPUL(R)$bita 041 1 $aita$hger 100 1 $aHamann, Johann Georg,$d1730-1788.$0(OLS)http://pul/name/2780 245 10$aScritti cristiani /$cJohann Georg Hamann ; traduzione, intrododuzione e commento di Angelo Pupi. 260 $aBologna :$bZanichelli,$c1975. 300 $aix, 446 ;$c24 cm 490 1 $aFilosofi moderni ;$v21-22 500 $aInclude indici. 500 $aSul front. aggiunto: Centro di studi filosofici di Gallarate. 505 0 $aI: Meditazioni bibliche. -- II: Memorabili socratici. 630 04$aBiblia$xIndirizzi, saggi, letture.$0(OLS)http://pul/subject/5014 650 4$aLetteratura classica.$0(OLS)http://pul/subject/5015 700 1 $aPupi, Angelo.$0(OLS)http://pul/name/2779 710 2 $aCentro di studi filosofici di Gallarate.$0(OLS)http://pul/name/3733 830 0$aFilosofi moderni ;$v21-22.$0(OLS)http://pul/title/8051 850 $aPUL 852 $aPUL$W1$xDP1 Fondo Giannini$y60$m1558 G 9-10$j7780$nBK-PRI$b $qFondi$B7780$CPULBib$Z2$F7780 $H $81 941 1 $a1 961 $aINV: Fondo Giannini 996 $6245$aScritti cristiani$9(OLS)http://pul/title/8134 996 $6260$aBologna :$bZanichelli$9(OLS)http://pul/publisher/48255 LEADER 01326nam a2200289 u 4500 001 000000109223 003 CaOOAMICUS 005 20080128103726.0 008 080128s2005 it u000 u ita u 020 $a88-495-1039-X 040 $aPUL$bita$dLDB 100 1 $aTroisi, Bruno.$0(OLS)http://pul/name/66898 245 12$aI possessi /$cBruno Troisi, Cristiano Cicero. 260 $aNapoli :$bEdizioni scientifiche italiane,$c2005. 300 $axii, 356 p. ;$c24 cm. 490 1 $aTrattato di diritto civile del Consiglio Nazionale del Notariato.$a3, Situazioni giuridiche ;$v09 500 $aContiene indici. 504 $aBibliografia in nota. 650 4$aPossesso (diritto).$0(OLS)http://pul/subject/18430 700 1 $aCicero, Cristiano.$0(OLS)http://pul/name/66899 830 0$aTrattato di diritto civile del Consiglio Nazionale del Notariato.$n3,$pSituazioni giuridiche ;$v09.$0(OLS)http://pul/title/137405 850 $aPUL 852 $aPUL$W1$xSL Diritto e Scienze Sociali 3$y79$m346. 45 COLL 3.12$j124813$qDDC 21$B123553$CPULBib$Z2$F123553 $H106227 $82 941 1 $a9 996 $6020$a88-495-1039-X$9(OLS)http://pul/number/136832 996 $6245$aI possessi$9(OLS)http://pul/title/137415 996 $6260$aNapoli :$bEdizioni scientifiche italiane$9(OLS)http://pul/publisher/48388